Essentials of auditing ,assurance services and ethicsin australia :an integrated approach / (Record no. 3578)

000 -LEADER
fixed length control field 01101cam a22003374a 4500
001 - CONTROL NUMBER
control field 12795712
003 - CONTROL NUMBER IDENTIFIER
control field OSt
005 - DATE AND TIME OF LATEST TRANSACTION
control field 20161014151142.0
008 - FIXED-LENGTH DATA ELEMENTS--GENERAL INFORMATION
fixed length control field 020530s2003 njua 001 0 eng
010 ## - LIBRARY OF CONGRESS CONTROL NUMBER
LC control number 2002072730
020 ## - INTERNATIONAL STANDARD BOOK NUMBER
International Standard Book Number 9781442508224
035 ## - SYSTEM CONTROL NUMBER
System control number (OCoLC)ocm49959356
040 ## - CATALOGING SOURCE
Original cataloging agency DLC
Transcribing agency DLC
Modifying agency C#P
-- DLC
042 ## - AUTHENTICATION CODE
Authentication code pcc
050 00 - LIBRARY OF CONGRESS CALL NUMBER
Classification number HF5667.A74 2010
082 00 - DEWEY DECIMAL CLASSIFICATION NUMBER
Classification number 657/.45
Edition number 21
100 1# - MAIN ENTRY--PERSONAL NAME
Personal name Arens, Alvin A.
245 10 - TITLE STATEMENT
Title Essentials of auditing ,assurance services and ethicsin australia :an integrated approach /
Statement of responsibility, etc Alvin A. Arens...[et al]
260 ## - PUBLICATION, DISTRIBUTION, ETC. (IMPRINT)
Place of publication, distribution, etc Australia. :
Name of publisher, distributor, etc Pearson,
Date of publication, distribution, etc c2010.
300 ## - PHYSICAL DESCRIPTION
Extent xvii, 612 p. :
Other physical details ill. ;
Dimensions 29 cm.
500 ## - GENERAL NOTE
General note Includes index.
650 #0 - SUBJECT ADDED ENTRY--TOPICAL TERM
Topical term or geographic name as entry element Auditing
700 1# - ADDED ENTRY--PERSONAL NAME
Personal name Elder, Randal J.
700 1# - ADDED ENTRY--PERSONAL NAME
Personal name Beasley, Mark S.
700 12 - ADDED ENTRY--PERSONAL NAME
Personal name Best ,Peter
700 12 - ADDED ENTRY--PERSONAL NAME
Personal name Shailer,Greg
700 12 - ADDED ENTRY--PERSONAL NAME
Personal name Firlder,Brenton
906 ## - LOCAL DATA ELEMENT F, LDF (RLIN)
a 7
b cbc
c orignew
d 1
e ocip
f 20
g y-gencatlg
942 ## - ADDED ENTRY ELEMENTS (KOHA)
Source of classification or shelving scheme
Koha item type Book
Holdings
Withdrawn status Lost status Source of classification or shelving scheme Damaged status Not for loan Home library Current library Shelving location Date acquired Total Checkouts Full call number Barcode Date last seen Copy number Price effective from Koha item type
          Riara University Library Riara University Library General stack 14/10/2016   HF5667.A74 2010 8667/16 14/10/2016 C.1 14/10/2016 Book

Riara University Library,
P.O. Box 49940-00100,
Nairobi, Kenya.